| 000 | 003620000a22001570004500 | ||
|---|---|---|---|
| 005 | 20120302064046.0 | ||
| 942 | _cBOOK | ||
| 100 | _a Dighe,Prabhakar | ||
| 245 | _a Swatantrya veer Savarkar | ||
| 260 | _aDombivali:Arati Prakashan,1993. | ||
| 300 | _av;137p. | ||
| 490 | _aSwadesh Krantiche Pranete | ||
| 040 | _aMar | ||
| 365 | _b25/- | ||
| 650 | _aSavarkar | ||
| 999 |
_c361170 _d361167 |
||